000 00287nam a22001337a 4500
008 180831b xxu||||| |||| 00| 0 eng d
020 _a9780155063747
041 _aeng
080 _a371
100 _a25
101 _aEDU
245 _aWriter's Choices
_cKischner, M
942 _2udc
_cBK
999 _c47421
_d47421